• 首页
  • 本馆介绍
  • 公告通知
  • 最新文献
  • 馆藏检索
  • 电子资源
  • 读者导购
  • 参考咨询
  • 我的图书馆
  • 登录
  • 详细信息显示
  • 放入我的书架
  • 预约/预借图书
  • 作者相关作品
  • 分类相关作品
  • 丛书相关作品
  • 出版社相关作品

书目信息

  • 表格格式
  • 工作单格式
  • 卡片格式
题名:
无刷直流电机控制系统
    
 
作者: 夏长亮 著
分册:  
出版信息: 北京   科学出版社  2009.02
页数: 241页
开本: 23cm
丛书名:
单 册:
中图分类: TM33
科图分类:
主题词: 直流电机
电子资源:
ISBN: 978-7-03-023725-5
000 00580nam0 2200193 450
001 0933335174
005 20091223091708.03
010    @a978-7-03-023725-5@dCNY46.00
100    @a20091223d2009 km y0chiy0120 ea
101 0  @achi
102    @aCN@b110000
200 1  @a无刷直流电机控制系统@Awu shua zhi liu dian ji kong zhi xi tong@f夏长亮著@Fxia chang liang zhu
210    @a北京@c科学出版社@d2009.02
215    @a241页@d23cm
606 0  @a直流电机
690    @aTM33@v4
701  0 @a夏长亮@Axia chang liang@4著
801  0 @aCN@b山东省滨州职业学院图书馆@c20091223
905    @aBZT@dTM33@e1
    
    无刷直流电机控制系统/夏长亮著.-北京:科学出版社,2009.02
    241页;23cm
    
    
    ISBN 978-7-03-023725-5:CNY46.00
    
●
相关链接 在五车中查询图书 在当当中查询图书 在豆瓣中查询图书


正题名:无刷直流电机控制系统     索取号:TM33/1         预约/预借

序号 登录号 条形码 馆藏地/架位号 状态 备注
1 729178   2000729178   样本书库/样007架B面5层3列/ [索取号:TM33/1] 在馆    
2 729179   2000729179   中心书库中库/ 中库029架A面2列1层37/ [索取号:TM33/1] 在馆    
3 729180   2000729180   中心书库中库/ 中库029架A面6列6层2/ [索取号:TM33/1] 在馆    
4 729181   2000729181   中心书库中库/ 中库029架A面2列1层38/ [索取号:TM33/1] 在馆    
山东省滨州职业学院图书馆 欢迎您!
大连网信软件有限公司© 版权所有